ბათუმის შოთა რუსთაველის სახელმწიფო უნივერსიტეტის ბიბლიოთეკა

კუნძული სახალინი (ბიბ.ჩანაწერი № 49741)

000 -LEADER
fixed length control field 00641nam a2200205Ia 4500
001 - CONTROL NUMBER
control field 16676
003 - CONTROL NUMBER IDENTIFIER
control field GE_BSU
008 - FIXED-LENGTH DATA ELEMENTS--GENERAL INFORMATION
fixed length control field 181216s||||||||xx |||||||||||||| ||und||
040 ## - CATALOGING SOURCE
Transcribing agency GE_BSU
080 ## - UNIVERSAL DECIMAL CLASSIFICATION NUMBER
Universal Decimal Classification number 821.161.1-32 + 910.4(571.642)
100 ## - MAIN ENTRY--PERSONAL NAME
Personal name ჩეხოვი, ა.პ.
245 ## - TITLE STATEMENT
Title კუნძული სახალინი
245 ## - TITLE STATEMENT
Statement of responsibility, etc. თარგმნა გ. ციცქიშვილმა.
260 ## - PUBLICATION, DISTRIBUTION, ETC.
Place of publication, distribution, etc. თბილისი
260 ## - PUBLICATION, DISTRIBUTION, ETC.
Name of publisher, distributor, etc. საბჭ. საქართველო
260 ## - PUBLICATION, DISTRIBUTION, ETC.
Date of publication, distribution, etc. 1985
300 ## - PHYSICAL DESCRIPTION
Extent 367გვ. ; 21სმ.
653 ## - INDEX TERM--UNCONTROLLED
Uncontrolled term კუნძული სახალინი
942 ## - ADDED ENTRY ELEMENTS (KOHA)
Koha item type წიგნი
ეგზემპლარები
Withdrawn status Lost status Damaged status Not for loan Date acquired Barcode Date last seen Price effective from Koha item type
        2018-12-17 22085 2018-12-17 2018-12-17 წიგნი